000 00881nas a2200253 i 4500
001 254567
005 20250811145509.0
007 ta
008 250808e1995 dr mn|p|r||||||0| | spa d
040 _aDO-SdBNP
_bspa
_cDO-SdBNP
_erda
041 _hspa
110 _aHoy (República Dominicana)
_970838
245 _aModa magazine /
_cHoy (República Dominicana).
264 _aSanto Domingo, República Dominicana :
_bEditora Hoy,
_c1995.
300 _avolumen :
_bilustraciones, fotografías ;
_c36 cm.
310 _aMensual.
336 _atexto
_btxt
_2rdacontent
337 _asin mediación
_bn
_2rdamedia
338 _avolumen
_bnc
_2rdacarrier
362 _aAño: 1995, Volumen: 2, noviembre.
650 _919648
_aModa
_vPublicaciones periódicas
_zRepública Dominicana
650 0 _aEstilo
_988475
_vPublicaciones periódicas
_zRepública Dominicana
942 _cISSUE
_2ddc
999 _c59745
_d59745